000 00458nam a2200097Ia 4500
008 180130s9999 xx 000 0 und d
245 _cMcNaull, James; Augusto, Juan Carlos; Mulvenna, Maurice; McCullagh, Paul
_aFlexible context aware interface for ambient assisted living
260 _c2016
300 _aBook title: Human-computer interaction : design, developments and applications--Acession number C20741; pages 96-136
650 _aHUMAN-COMPUTER INTERACTION
999 _c354374
_d354374